A guide to institutions in the Washington, D.C.-New York area (Record no. 51486)

MARC details
000 -LEADER
fixed length control field 00688cam a22002051 4500
001 - CONTROL NUMBER
control field pa 62000001
003 - CONTROL NUMBER IDENTIFIER
control field DLC
005 - DATE AND TIME OF LATEST TRANSACTION
control field 20260227111855.0
008 - FIXED-LENGTH DATA ELEMENTS--GENERAL INFORMATION
fixed length control field 770819s1961 dcu br 000 0 eng c
010 ## - LIBRARY OF CONGRESS CONTROL NUMBER
LC control number pa 62000001
035 ## - SYSTEM CONTROL NUMBER
System control number (OCoLC)3201388
040 ## - CATALOGING SOURCE
Original cataloging agency Pan American Union. Library
Transcribing agency TNJ
Modifying agency DLC
042 ## - AUTHENTICATION CODE
Authentication code premarc
050 00 - LIBRARY OF CONGRESS CALL NUMBER
Classification number HE230.A1
Item number W6
110 2# - MAIN ENTRY--CORPORATE NAME
Corporate name or jurisdiction name as entry element Work Saving International.
245 02 - TITLE STATEMENT
Title A guide to institutions in the Washington, D.C.-New York area
Remainder of title containing bibliographical references on transportation in Latin America.
260 ## - PUBLICATION, DISTRIBUTION, ETC.
Place of publication, distribution, etc. Washington,
Name of publisher, distributor, etc. Pan American Union,
Date of publication, distribution, etc. 1961.
300 ## - PHYSICAL DESCRIPTION
Extent 108 p.
Dimensions 22 cm.
650 #0 - SUBJECT ADDED ENTRY--TOPICAL TERM
Topical term or geographic name entry element Transportation
Geographic subdivision Latin America
Form subdivision Directories.

No items available.

Powered by Koha